Central Library OPAC University of Rajshahi

Functional design in fishes / (Record no. 66641)

MARC details
000 -LEADER
fixed length control field 00874nam a2200277 a 4500
001 - CONTROL NUMBER
control field 66641
003 - CONTROL NUMBER IDENTIFIER
rucl marc code BD-RjUL
005 - DATE AND TIME OF LATEST TRANSACTION
control field 20211209081549.0
008 - FIXED-LENGTH DATA ELEMENTS--GENERAL INFORMATION
fixed length control field 170318r19701967enka b 001 0 eng d
020 ## - INTERNATIONAL STANDARD BOOK NUMBER
International Standard Book Number 0091047501 (hbk.)
International Standard Book Number 009104751X (pbk.)
035 ## - SYSTEM CONTROL NUMBER
System control number (BD-RjUL)66771
040 ## - CATALOGING SOURCE
Original cataloging agency BD-RjUL
Language of cataloging eng
Transcribing agency BD-RjUL
Modifying agency BD-RjUL
041 ## - LANGUAGE CODE
Language code of text/sound track or separate title eng
082 ## - DEWEY DECIMAL CLASSIFICATION NUMBER
Edition number 23
Classification number 597.01
Author mark and year ALF 1970
100 1# - MAIN ENTRY--PERSONAL NAME
Personal name Alexander, R. McN.
9 (RLIN) 197298
245 10 - TITLE STATEMENT
Title Functional design in fishes /
Statement of responsibility, etc. R. McN. Alexander.
250 ## - EDITION STATEMENT
Edition statement 2nd ed.
260 ## - PUBLICATION, DISTRIBUTION, ETC. (IMPRINT)
Place of publication, distribution, etc. London :
Name of publisher, distributor, etc. Hutchinson,
Date of publication, distribution, etc. 1970
300 ## - PHYSICAL DESCRIPTION
Pagination 160 p. :
Illustrations ill.;
Size 22 cm.
490 1# - SERIES STATEMENT
Series statement Hutchinson university library, Biological sciences.
504 ## - BIBLIOGRAPHY, ETC. NOTE
Bibliography, etc Includes bibliographies: p. [150]-154. and indexes.
650 #0 - SUBJECT ADDED ENTRY--TOPICAL TERM
Topical term or geographic name as entry element Fishes
General subdivision Physiology.
9 (RLIN) 43508
830 #0 - SERIES ADDED ENTRY--UNIFORM TITLE
Uniform title Hutchinson university library, Biological sciences.
942 ## - ADDED ENTRY ELEMENTS (KOHA)
Source of classification or shelving scheme Dewey Decimal Classification
Koha item type Books
Holdings
Lost status Source of classification or shelving scheme Damaged status Not for loan Collection code Permanent Location Current Location Shelving location Date acquired Source of acquisition Cost, normal purchase price Total Checkouts Full call number Date last seen Copy number Koha item type
  Dewey Decimal Classification   Not For Loan Non-fiction Central Library, University of Rajshahi Central Library, University of Rajshahi Reading Room 09/12/2021 Ship Anvoice. 11.00   597.01 ALF 1970 18/03/2017 C-1 Books